| 000 | 00562nam a22001817a 4500 | ||
|---|---|---|---|
| 005 | 20251108170522.0 | ||
| 008 | 250721s2002 xx 000 0 ara d | ||
| 082 | 1 | 4 | _a956.5212/نوا |
| 100 | 1 | _aالنواصرة، قاسم محمد أحمد | |
| 245 | 1 | 0 | _aتاريخ ناحية المعراض من 1257-1336هـ/1840-1918م / |
| 264 | 1 |
_aعمان : _c2002. |
|
| 300 | _a102ص | ||
| 650 | 1 | 7 | _aتاريخ الأردن |
| 650 | 1 | 7 | _aالمحافظات |
| 650 | 1 | 7 | _aالحكم العثماني للأردن 1920-1917 |
| 942 |
_2ddc _cBK |
||
| 999 |
_c42488 _d42488 |
||